Szibériai tigrisek Szegeden
Elmentve itt :
| Szerző: | |
|---|---|
| Dokumentumtípus: | Cikk |
| Megjelent: |
2009-04-27
|
| Sorozat: | Délmagyarország
99 No. 98 |
| Kulcsszavak: | Szeged, Vadaspark természetvédelem Szeged, Természetvédelmi terület Vadaspark, Állatvilág szibériai tigris |
| Online Access: | http://dmarchiv.bibl.u-szeged.hu/141578 |
| LEADER | 00557nab a2200157 i 4500 | ||
|---|---|---|---|
| 001 | delm141578 | ||
| 005 | 20200207113415.0 | ||
| 008 | 200207s2009 hu o 0|| hun d | ||
| 040 | |a SZTE Délmagyarország Archívum |b hun | ||
| 041 | |a hun | ||
| 100 | 1 | |a Kiss Gábor Gergő | |
| 245 | 1 | 0 | |a Szibériai tigrisek Szegeden |h [elektronikus dokumentum] / |c Kiss Gábor Gergő |
| 260 | |c 2009-04-27 | ||
| 300 | |a 20 | ||
| 490 | 0 | |a Délmagyarország |v 99 No. 98 | |
| 695 | |a Szeged, Vadaspark természetvédelem Szeged, Természetvédelmi terület Vadaspark, Állatvilág szibériai tigris | ||